Statistics for Most Populous Counties in Texas

Click here to take the quiz!

General Stats

  • This quiz has been taken 22 times
  • The average score is 11 of 15

Answer Stats

PopulationCounty% Correct
2,613,539{Dallas} County
100%
2,009,324{Bexar} County
95%
4,731,145{Harris} County
95%
865,657{El Paso} County
90%
2,110,640{Tarrant} County
90%
906,422{Denton} County
85%
1,290,188{Travis} County
85%
1,064,465{Collin} County
70%
822,779{Fort Bend} County
70%
372,031{Brazoria} County
60%
421,017{Cameron} County
60%
870,781{Hidalgo} County
60%
620,443{Montgomery} County
60%
609,017{Williamson} County
60%
370,647{Bell} County
50%

Score Distribution

Percentile by Number Answered

Percent of People with Each Score

Your Score History

You have not taken this quiz